<?xml version="1.0" encoding="UTF-8"?>
<record
    xmlns:xsi="http://www.w3.org/2001/XMLSchema-instance"
    xsi:schemaLocation="http://www.loc.gov/MARC21/slim http://www.loc.gov/standards/marcxml/schema/MARC21slim.xsd"
    xmlns="http://www.loc.gov/MARC21/slim">

  <leader>01512nam0a2200325   4500</leader>
  <controlfield tag="001">RU\NLR\BIBL_A\012059277</controlfield>
  <controlfield tag="005">20190812161501.0</controlfield>
  <datafield tag="010" ind1=" " ind2=" ">
    <subfield code="a">978-5-907081-70-3</subfield>
    <subfield code="9">1000</subfield>
  </datafield>
  <datafield tag="021" ind1=" " ind2=" ">
    <subfield code="a">RU</subfield>
    <subfield code="b">&#x41A;&#x41D;-&#x41F;-19-044503</subfield>
    <subfield code="9">&#x41A;&#x41D;-&#x41F;-19-3257</subfield>
  </datafield>
  <datafield tag="035" ind1=" " ind2=" ">
    <subfield code="a">(NLR Aleph) 012059277</subfield>
  </datafield>
  <datafield tag="035" ind1=" " ind2=" ">
    <subfield code="a">(RuMoRGB)010014176</subfield>
  </datafield>
  <datafield tag="090" ind1=" " ind2=" ">
    <subfield code="a">11694804</subfield>
    <subfield code="c">11694804</subfield>
  </datafield>
  <datafield tag="100" ind1=" " ind2=" ">
    <subfield code="a">20190717d2019    k  y0rusy50      ca</subfield>
  </datafield>
  <datafield tag="101" ind1="0" ind2=" ">
    <subfield code="a">rus</subfield>
  </datafield>
  <datafield tag="102" ind1=" " ind2=" ">
    <subfield code="a">RU</subfield>
  </datafield>
  <datafield tag="105" ind1=" " ind2=" ">
    <subfield code="a">ah||z|||010zy</subfield>
  </datafield>
  <datafield tag="200" ind1="1" ind2=" ">
    <subfield code="a">&#x41C;&#x430;&#x440;&#x43A;&#x438;&#x440;&#x43E;&#x432;&#x43A;&#x430; &#x43D;&#x435;&#x443;&#x43F;&#x440;&#x430;&#x432;&#x43B;&#x44F;&#x435;&#x43C;&#x44B;&#x445; &#x430;&#x432;&#x438;&#x430;&#x446;&#x438;&#x43E;&#x43D;&#x43D;&#x44B;&#x445; &#x431;&#x43E;&#x435;&#x43F;&#x440;&#x438;&#x43F;&#x430;&#x441;&#x43E;&#x432; (1912-1949 &#x433;&#x433;.)</subfield>
    <subfield code="e">&#x438;&#x441;&#x442;&#x43E;&#x440;&#x438;&#x43A;&#x43E;-&#x434;&#x43E;&#x43A;&#x443;&#x43C;&#x435;&#x43D;&#x442;&#x430;&#x43B;&#x44C;&#x43D;&#x44B;&#x439; &#x442;&#x440;&#x443;&#x434;</subfield>
    <subfield code="f">&#x415;. &#x412;. &#x41F;&#x44B;&#x440;&#x44C;&#x435;&#x432;</subfield>
  </datafield>
  <datafield tag="210" ind1=" " ind2=" ">
    <subfield code="a">&#x41C;&#x43E;&#x441;&#x43A;&#x432;&#x430;</subfield>
    <subfield code="c">&#x418;&#x414; &#x410;&#x43A;&#x430;&#x434;&#x435;&#x43C;&#x438;&#x438; &#x416;&#x443;&#x43A;&#x43E;&#x432;&#x441;&#x43A;&#x43E;&#x433;&#x43E;</subfield>
    <subfield code="d">2019</subfield>
  </datafield>
  <datafield tag="215" ind1=" " ind2=" ">
    <subfield code="a">239 &#x441;.</subfield>
    <subfield code="c">&#x438;&#x43B;., &#x446;&#x432;. &#x438;&#x43B;., &#x442;&#x430;&#x431;&#x43B;., &#x444;&#x430;&#x43A;&#x441;.</subfield>
    <subfield code="d">22</subfield>
  </datafield>
  <datafield tag="300" ind1=" " ind2=" ">
    <subfield code="a">&#x41D;&#x430; &#x43E;&#x431;&#x43E;&#x440;&#x43E;&#x442;&#x435; &#x442;&#x438;&#x442;. &#x43B;. &#x430;&#x432;&#x442;.: &#x415;.&#x412;. &#x41F;&#x44B;&#x440;&#x44C;&#x435;&#x432; - &#x43A;.&#x442;.&#x43D;., &#x43F;&#x440;&#x43E;&#x444;.</subfield>
  </datafield>
  <datafield tag="300" ind1=" " ind2=" ">
    <subfield code="a">&#x41D;&#x430; &#x43E;&#x431;&#x43B;.: &#x418;&#x437;&#x434;&#x430;&#x43D;&#x438;&#x435; &#x432;&#x44B;&#x43F;&#x443;&#x449;&#x435;&#x43D;&#x43E; &#x43A; 100-&#x43B;&#x435;&#x442;&#x438;&#x44E; &#x412;&#x412;&#x418;&#x410; &#x438;&#x43C;&#x435;&#x43D;&#x438; &#x43F;&#x440;&#x43E;&#x444;&#x435;&#x441;&#x441;&#x43E;&#x440;&#x430; &#x41D;. &#x415;. &#x416;&#x443;&#x43A;&#x43E;&#x432;&#x441;&#x43A;&#x43E;&#x433;&#x43E;</subfield>
  </datafield>
  <datafield tag="320" ind1=" " ind2=" ">
    <subfield code="a">&#x411;&#x438;&#x431;&#x43B;&#x438;&#x43E;&#x433;&#x440;.: &#x441;. 238-239 (56 &#x43D;&#x430;&#x437;&#x432;.)</subfield>
  </datafield>
  <datafield tag="606" ind1="1" ind2=" ">
    <subfield code="a">&#x410;&#x432;&#x438;&#x430;&#x446;&#x438;&#x43E;&#x43D;&#x43D;&#x44B;&#x435; &#x431;&#x43E;&#x435;&#x43F;&#x440;&#x438;&#x43F;&#x430;&#x441;&#x44B;</subfield>
    <subfield code="x">&#x41C;&#x430;&#x440;&#x43A;&#x438;&#x440;&#x43E;&#x432;&#x43A;&#x430;</subfield>
    <subfield code="x">&#x418;&#x441;&#x442;&#x43E;&#x440;&#x438;&#x44F;</subfield>
    <subfield code="z">1912 - 1949</subfield>
    <subfield code="2">nlr_sh2</subfield>
    <subfield code="3">RU\NLR\AUTH\6601659837</subfield>
  </datafield>
  <datafield tag="686" ind1="1" ind2=" ">
    <subfield code="a">&#x426;651.23-925&#x433;(2)</subfield>
  </datafield>
  <datafield tag="700" ind1=" " ind2="1">
    <subfield code="a">&#x41F;&#x44B;&#x440;&#x44C;&#x435;&#x432;</subfield>
    <subfield code="b">&#x415;. &#x412;.</subfield>
    <subfield code="g">&#x415;&#x432;&#x433;&#x435;&#x43D;&#x438;&#x439; &#x412;&#x43B;&#x430;&#x434;&#x438;&#x43C;&#x438;&#x440;&#x43E;&#x432;&#x438;&#x447;</subfield>
  </datafield>
  <datafield tag="942" ind1=" " ind2=" ">
    <subfield code="c">BOOK</subfield>
  </datafield>
  <datafield tag="980" ind1=" " ind2=" ">
    <subfield code="a">NBR</subfield>
  </datafield>
  <datafield tag="980" ind1=" " ind2=" ">
    <subfield code="a">NB</subfield>
  </datafield>
</record>
